000 01070cam a2200337 a 4500
001 4330
003 FISKH
005 20250331114135.0
008 000928s2002 nyua a 000 1 eng
010 _a 00049881
020 _a0060286822
020 _a0060286830 (lib. bdg.)
040 _aDLC
_cDLC
_dDLC
_beng
050 _aPZ7.C179
082 _a808.068
100 1 _aCapucilli, Alyssa Satin,
_d1957-
245 1 0 _aBiscuit goes to school /
_cstory by Alyssa Satin Capucilli ; pictures by Pat Schories.
260 _aNew York :
_bHarperCollins,
_c2002.
300 _a27 pages :
_billustrations ;
_c22 cm
490 1 _aMy first I can read book
505 _aD
520 _aA dog follows the bus to school, where he meets the teacher and takes part in the activities of the class.
521 8 _a160
_bLexile
521 8 _aD
_bRaz-Plus
650 1 _aDogs
_vFiction.
650 1 _aSchools
_vFiction.
700 1 _aSchories, Pat,
_eillustrator
906 _a7
_bcbc
_corignew
_d1
_eocip
_f20
_gy-gencatlg
942 _2ddc
_cBK
_n0
999 _c4330
_d4330